000 00706nam a22002297a 4500
003 KOHA_MİRAKIL
005 20260428090516.0
008 260427b tu ||||| |||| 00| 0 tur d
020 _a9786057006042
040 _aTR-AnABB
_btur
_cTR-AnABB
041 _atur
082 _a923.256 1
_bALS 2021
100 1 _aAlsan, Zeki Mesud
245 1 0 _aMemleket çocuğu :
_bAydın ve İzmir hatıraları 1889-1907 /
_cZeki Mesud Alsan
246 _aMemleket çocuğu
246 _aMustafa'nın romanı 1
260 _aİstanbul :
_bAl elmas yayıncılık,
_c2021
300 _a277 sayfa ;
_c20 cm
650 0 4 _aBiyografi, siyasetçiler
900 _bCan ÇELIK
942 _2ddc
_cBK
999 _c10333
_d10333